000 00782nam a2200205Ia 4500
003 GCL
008 140319s9999 xx 000 0 ara d
040 _aGCL /
_cGCL
082 0 4 _a414
_bح ا
100 1 _aحسنى عبدالجليل يوسف
245 1 0 _aاساليب الاستفهام فى الشعر الجاهلى التركيب والموقف والدلالة: دراسة نحوية وبلاغية لاساليب الاستفهام /
_cحسنى عبدالجليل يوسف
260 _a[S.N] :
_bدار الثقافة للنشر والتوزيع ،
_c1990
300 _a262
490 _a
650 0 4 _aالادب العربى
650 0 4 _aالعصر الجاهلى
650 0 4 _aالبلاغة العربية
650 0 4 _aتاريخ ونقد
942 _2ddc
_cBK
999 _c31875
_d31875